00759cam a22002411i 450000100060000000300080000600500170001400800410003103500190007203500190009104000470011004100080015708200200016510000300018524500390021525000120025426000430026630000210030965000240033094200120035499900170036695201340038316945BD-RjUL20211209000053.0140215s1961 nyu 000 0 eng d a(BD-RjUL)17001 a(OCoLC)3149657 aDLCcIaFairMdFOdOCoLCdDLCdBD-RjULbeng aeng00a813.5bFLA 19611 aFleming, Thomas J.95229110aAll good men /cThomas J. Fleming. a1st ed. aGarden City, N.Y. :bDoubleday,c1961. a402 p. ;c22 cm. 0aAll good men952292 2ddccBK c16945d16945 00102ddc40718NFICaRUCLbRUCLcReadingd1965-08-11eU.S.I.S Giftl0o813.5 FLA 1961r2014-02-15 00:00:00tC-1w2014-02-15yBK